Επεξεργασία δεδομένων ΧΥΤΑ της νήσου Λέσβου κατά τη χρονική περίοδο 01/10/2009 έως 18/06 πτυχιακή εργασία

Αποθηκεύτηκε σε:
Λεπτομέρειες βιβλιογραφικής εγγραφής
Κύριος συγγραφέας: Παπαϊωάννου, Γεώργιος Δημ
Συγγραφή απο Οργανισμό/Αρχή: Πανεπιστήμιο Αιγαίου. Σχολή Περιβάλλοντος. Τμήμα Περιβάλλοντος
Άλλοι συγγραφείς: Κοντός, Θεμιστοκλής Δ. (Εισηγητής διατριβής)
Μορφή: Thesis Βιβλίο
Γλώσσα:Greek
Δημοσίευση: 2014
Θέματα:
Διαθέσιμο Online:http://hdl.handle.net/11610/10516
Ετικέτες: Προσθήκη ετικέτας
Δεν υπάρχουν, Καταχωρήστε ετικέτα πρώτοι!

MARC

LEADER 00000cam a2200000 i 4500
001 1/64020
008 150119s2014 gre d
035 |l 10120513 
040 |a GR-MY-UA  |b gre  |e aacr 
041 0 |a gre 
082 0 |a 628.44  |2 (22) 
100 1 |a Παπαϊωάννου, Γεώργιος Δημ. 
245 1 0 |a Επεξεργασία δεδομένων ΧΥΤΑ της νήσου Λέσβου κατά τη χρονική περίοδο 01/10/2009 έως 18/06/2012 και δημιουργία βάσης δεδομένων :  |b πτυχιακή εργασία /  |c Παπαιωάννου Γεώργιος ; επιβλέπων καθηγητής: Θεμιστοκλής Κοντός 
260 |c 2014 
300 |a 52 σ.;  |b εικ.;  |c 30 εκ. 
502 |a Πτυχιακή εργασία – Πανεπιστήμιο Αιγαίου, Λέσβος, 2014. 
504 |a Περιλαμβάνει βιβλιογραφία 
650 0 |a Refuse and refuse disposal  |z Greece  |z Lesbos (Municipality)  |x Management. 
650 0 0 |a Integrated solid waste management  |x Case studies. 
650 0 0 |a Dissertations, Academic  |z Greece. 
700 1 |4 ths  |a Κοντός, Θεμιστοκλής Δ. 
710 2 |a Πανεπιστήμιο Αιγαίου.   |b Σχολή Περιβάλλοντος.   |b Τμήμα Περιβάλλοντος. 
852 |a INST  |b LESVOS  |c DIATR  |e 20150119  |h 1633  |p 005100056287  |q 005100056287  |t DIE  |y 23 
852 |a INST  |b LESVOS  |c DIATR  |e 20150119  |h 1634  |p 005100056286  |q 005100056286  |t DIE  |y 23 
856 |u http://hdl.handle.net/11610/10516 
901 |a BIBL1-2015-1 
909 |a Λ  |b 191502 
909 |a Λ  |b 191503 
924 |a ΠΑΠΑΙΩΑΝΝΟΥ  |b ΓΕΩΡΓΙΟς  |y ΛΕΣΒΟΣ  |z 2015-01 
970 |a ΤΖΑΦΕΡΗ  |b ΕΥΑΓΓΕΛΙΑ  |z 2015/01/19